Statistiques concernant Culture Générale - Série 1503

Cliquez ici pour prendre le quiz!

Statistiques générales

  • Ce quiz a été pris 61 fois
  • Le résultat moyen est 5 sur 10

Statistiques - réponses

QuestionRéponse% Correct
Quel est le pays d'origine de l'art martial appelé "tai-chi-chuan" ?Chine
93%
Lors des traversées de la Manche à la nage, quelle est généralement la ville française de départ ?Calais
86%
Lors des traversées de la Manche à la nage, quelle est généralement la ville britannique d'arrivée ?Douvres
78%
Le célèbre roman de Mme de La Fayette, publié en 1678, s'intitule "La princesse de...Clèves
78%
Quel acteur américain joue le rôle de Vincent Vega, dans le film : "Pulp Fiction", de Quentin Tarantino ?John Travolta
59%
Quel groupe, emmené par Michaël Youn, nous déclare dans ses chansons : "J'aime trop ton boule", "Parle à ma main" et "Fous ta cagoule" ?Fatal Bazooka
54%
Quel est le nom du deuxième livre de la Bible ?L'Exode
34%
Qu'appelle-t-on "caye" dans les Antilles ?île
12%
En 1977, quel ancien journaliste prénommé Pierre devient célèbre grâce à son imitation de Georges Marchais s'écriant : "C'est un scandale" ?Pierre Douglas
10%
En 1909, quel ingénieur français créa le premier journal d'actualités cinématographiques ?Charles Pathé
7%

Distribution des résultats

Percentile par nombre de réponses

% des personnes avec chaque résultat

Votre développement - résultats

Vous n’avez pas pris ce quiz